| 000 | 02032nam0a2200373 4500 | ||
|---|---|---|---|
| 001 | RU\NLR\bibl\1810869 | ||
| 005 | 20260409072123.0 | ||
| 010 |
_a978-5-7567-0623-9 _91200 |
||
| 021 |
_aRU _b2011-63628 _94469 |
||
| 035 | _a(NLR Aleph) 001801484 | ||
| 090 |
_a1793785 _c1793785 |
||
| 100 | _a20110920d2011 |||y0rusy50 ca | ||
| 101 | 0 | _arus | |
| 102 | _aRU | ||
| 105 | _ay ||||||||| | ||
| 200 | 1 |
_a147 популярных профессий _eпсихологический анализ и профессиограммы _eдля студентов высших учебных заведений, обучающихся по направлению подготовки (специальности) ГОС ВПО 030300 "Психология", 030301 "Психология" и направлению подготовки ФГОС ВПО 030300 "Психология" _fЕ.С. Романова |
|
| 205 | _a3-е изд., перераб. и доп. | ||
| 210 |
_aМосква _cАспект-Пресс _d2011 |
||
| 215 |
_a415, [1] с. _d22 |
||
| 320 | _aБиблиогр. в конце кн. | ||
| 606 | 1 |
_aПрофессиональная ориентация _jУчебные издания для высших учебных заведений _9924675 _3RU\NLR\auth\6620774 |
|
| 606 |
_aШкольники _xВыбор профессии _jУчебные издания для высших учебных заведений _3RU\NLR\auth\66918738 _91999521 |
||
| 606 | 1 |
_aПрофессиограммы _jУчебные издания для высших учебных заведений _91258364 _3RU\NLR\auth\66516254 |
|
| 686 | _aЧ312.025я73 | ||
| 686 | _aЧ421.202.5я73 | ||
| 686 | _aЮ941.19я73 | ||
| 700 | 1 |
_4070 _8rus _7ca _aРоманова _bЕ. С. _cд-р психол. наук _f1945- _gЕвгения Сергеевна _3RU\NLR\AUTH\7728170 _911201 |
|
| 801 | 0 |
_aRU _bNLR _c20110920 _gRCR |
|
| 801 | 1 |
_aRU _bNLR _c20110920 |
|
| 942 | _cBOOK | ||
| 980 | _aNB | ||
| 980 | _aNBR | ||